Mobilising social justice in South Africa: perspectives from researches and practitioners /
Ante el riesgo de tensión social y el posible derrumbe de la institucionalidad democrática ganada durante la década de 1990 en Sudáfrica, como consecuencia de las desigualdades sociales y económicas, algunos actores sociales han formado alianzas en diversos niveles, combinando estrategias legales co...
Na minha lista:
| Outros Autores: | , |
|---|---|
| Formato: | Desconhecido |
| Idioma: | English |
| Publicado em: |
Netherlands :
ISS ; HIVOS
2010
|
| Assuntos: | |
| Tags: |
Adicionar Tag
Sem tags, seja o primeiro a adicionar uma tag!
|
MARC
| LEADER | 00000 a2200000 04500 | ||
|---|---|---|---|
| 001 | 46041 | ||
| 003 | cru CIDCACS/IIS | ||
| 005 | 20230613140607.0 | ||
| 008 | 050702s2010 ne eng d | ||
| 020 | |a 978-90-812200-8-8 | ||
| 022 | |a [sin ISBN] | ||
| 040 | |c cru IIS | ||
| 090 | |a 05.03.07 H236m | ||
| 100 | |a Handmaker, Jeff, |e editor | ||
| 245 | |a Mobilising social justice in South Africa: |b perspectives from researches and practitioners / |c Jeff Handmaker, Remko Berkhout editores | ||
| 260 | |a Netherlands : |b ISS ; HIVOS |c 2010 | ||
| 300 | |a 208 páginas : |b tablas, fotos | ||
| 520 | |a Ante el riesgo de tensión social y el posible derrumbe de la institucionalidad democrática ganada durante la década de 1990 en Sudáfrica, como consecuencia de las desigualdades sociales y económicas, algunos actores sociales han formado alianzas en diversos niveles, combinando estrategias legales como no legales para disminuir las disparidades entre ricos y pobres. El texto presenta los resultados de cinco proyectos investigativos caracterizados por la intervención de actores civiles que contribuyen con cambios estructurales en la inequidad del poder y que fueron presentados en la conferencia internacional organizada por Hivos-ISS Knowledge Programme on Civil Society en noviembre del 2009 en Johannesburgo, Sudáfrica. FGO 19/03/2023 | ||
| 650 | 0 | |9 3 |a MOVIMIENTOS SOCIALES | |
| 650 | 0 | |9 5440 |a JUSTICIA | |
| 651 | 0 | |9 5221 |a AFRICA | |
| 700 | |a Berkhout, Remko, editor | ||
| 942 | |2 ddc |c LI | ||
| 999 | |c 17474 |d 17474 | ||



